00751nam a2200193 a 450000100100000000500170001000800410002704000260006808200170009410000260011124000630013724500910020026000370029130000210032850000740034953400840042365000290050770000210053600002347220250513114214.0101209s1974 ag r 000 0 spa d aDO-SdBNPbspacBNPHU8 a371.3bV945i1 aVon Haden, Herbert I.10aInnovations in education: Their pros and cons.lEspañol.10aInnovaciones en educación :bpros y contras /cHerbert I Von Haden, Jean Marie King. aBuenos Aires :bPaidós,c1974. a222 P. ;c20 cm. aIncluye referencias bibliográficas y notas al pie de las páginas. aTítulo original del inglés:tInnovations in education: Their pros and cons. 0aInnovaciones educativas 1 aKing, Jean Marie